| 000 | 00819nam a22001817a 4500 | ||
|---|---|---|---|
| 999 |
_c8352 _d8353 |
||
| 008 | 190930b ||||| |||| 00| 0 eng d | ||
| 020 | _a978032306580 | ||
| 082 | _a617.023 LEW | ||
| 100 | _aLews, Sharon L | ||
| 245 |
_aMedical-surgical nursing : _b assessment and management of clinical problems |
||
| 250 | _a8th ed. | ||
| 260 |
_aSt. Louis, Mo. : _bMosby, _c2011. |
||
| 300 |
_axxxi, I-84 p. _c28 cm. |
||
| 500 | _aOriginally published: 2011. Bibliography note: Includes bibliographical references and index. | ||
| 650 | _a Nursing; Surgical nursing; Nursing Care; Nursing Assessment; Perioperative Nursing; MEDICAL -- Surgery -- General; Nursing; Surgical nursing; Verpleging; Chirurgie (geneeskunde); Electronic books; | ||
| 700 | _a Shannon Ruff Dirksen, Margaret M. Heitkemper, Linda Bucher. | ||
| 942 | _2ddc | ||